Suds help to clean up watercourses (Record no. 70307)
[ view plain ]
| 000 -LEADER | |
|---|---|
| fixed length control field | 01163cam a2200277 4500 |
| 001 - CONTROL NUMBER | |
| control field | ABS65506 |
| 008 - FIXED-LENGTH DATA ELEMENTS--GENERAL INFORMATION | |
| fixed length control field | 020521n2002 000 0 eng u |
| 035 ## - SYSTEM CONTROL NUMBER | |
| System control number | (Sirsi) u118068 |
| 100 ## - MAIN ENTRY--PERSONAL NAME | |
| Personal name | Pygott, K |
| 245 ## - TITLE STATEMENT | |
| Title | Suds help to clean up watercourses |
| 260 ## - PUBLICATION, DISTRIBUTION, ETC. | |
| Date of publication, distribution, etc. | 2002 |
| 490 ## - SERIES STATEMENT | |
| Series statement | Civil Engineering |
| Volume/sequential designation | 150(2) May 2002, 55(1) |
| 520 ## - SUMMARY, ETC. | |
| Summary, etc. | Sustainable urban drainage systems (SUDS) are an environmentally beneficial suite of techniques designed to avoid flooding, pollution and erosion risks associated with traditional piped surface water drainage systems Considers the barriers to implementation including perceived uncertainty as to maintenance responsibilities. SUDS are recognised by PPG 25 and design manuals have been created by CIRIA and the national agencies. |
| 590 ## - LOCAL NOTE (RLIN) | |
| Local note | ABS |
| 650 ## - SUBJECT ADDED ENTRY--TOPICAL TERM | |
| Topical term or geographic name entry element | DRAINAGE |
| 650 ## - SUBJECT ADDED ENTRY--TOPICAL TERM | |
| Topical term or geographic name entry element | SUSTAINABLE URBAN DRAINAGE SYSTEMS |
| 650 ## - SUBJECT ADDED ENTRY--TOPICAL TERM | |
| Topical term or geographic name entry element | SUSTAINABLE URBAN DRAINAGE SYSTEMS |
| 650 ## - SUBJECT ADDED ENTRY--TOPICAL TERM | |
| Topical term or geographic name entry element | PPG25 |
| 650 ## - SUBJECT ADDED ENTRY--TOPICAL TERM | |
| Topical term or geographic name entry element | SURFACE WATER |
| 650 ## - SUBJECT ADDED ENTRY--TOPICAL TERM | |
| Topical term or geographic name entry element | ENVIRONMENT AGENCY |
| 650 ## - SUBJECT ADDED ENTRY--TOPICAL TERM | |
| Topical term or geographic name entry element | SCOTTISH ENVIRONMENT PROTECTION AGENCY |
| 650 ## - SUBJECT ADDED ENTRY--TOPICAL TERM | |
| Topical term or geographic name entry element | SEPA |
| 650 ## - SUBJECT ADDED ENTRY--TOPICAL TERM | |
| Topical term or geographic name entry element | CIRIA |
| 690 ## - LOCAL SUBJECT ADDED ENTRY--TOPICAL TERM (OCLC, RLIN) | |
| Topical term or geographic name as entry element | ENVIRONMENTAL AND LAND CONSULTANCY |
| 942 ## - ADDED ENTRY ELEMENTS (KOHA) | |
| Suppress in OPAC | 0 |
| Withdrawn status | Lost status | Source of classification or shelving scheme | Damaged status | Not for loan | Home library | Current library | Shelving location | Date acquired | Total Checkouts | Full call number | Barcode | Date last seen | Copy number | Price effective from | Koha item type |
|---|---|---|---|---|---|---|---|---|---|---|---|---|---|---|---|
| Dewey Decimal Classification | London | London | Journal article | 21/05/2002 | ABS65506 | 118068-1001 | 06/08/2019 | 1 | 06/08/2019 | Journal article |